000 01587cam a2200325 a 4500
001 15629505
003 OSt
005 20160422123549.0
008 090218s2009 nyu 000 1 eng
010 _a 2009006621
020 _a0316043893
020 _a9780316043892
035 _a(OCoLC)ocn297205733
040 _aSEKU
043 _an-us-ma
050 0 0 _aPS 3558
_b.H5
100 1 _aHilderbrand, Elin.
245 1 4 _aThe castaways :
_ba novel /
_cElin Hilderbrand.
250 _a1st ed.
260 _aNew York :
_bLittle, Brown and Co.,
_c2009.
300 _a359 p. ;
_c25 cm.
520 _aGreg and Tess MacAvoy are one of four prominent Nantucket couples who count each other as best friends. As pillars of their close-knit community, the MacAvoys, Kapenashes, Drakes, and Wheelers are important to their friends and neighbors, and especially to each other. But just before the beginning of another idyllic summer, Greg and Tess are killed when their boat capsizes during an anniversary sail. As the warm weather approaches and the island mourns their loss, nothing can prepare the MacAvoy's closest friends for what will be revealed.--From publisher description.
650 0 _aFriendship
_vFiction.
650 0 _aFamily secrets
_vFiction.
651 0 _aNantucket Island (Mass.)
_vFiction.
655 0 _aPsychological fiction.
856 4 2 _3Contributor biographical information
_uhttp://www.loc.gov/catdir/enhancements/fy1007/2009006621-b.html
856 4 2 _3Publisher description
_uhttp://www.loc.gov/catdir/enhancements/fy1007/2009006621-d.html
942 _2lcc
_cGEN
999 _c12986
_d12986